|
|
|
|
| LEADER |
00000cam a2200000 c 4500 |
| 001 |
111785342X |
| 003 |
DE-627 |
| 005 |
20251224222112.0 |
| 007 |
tu |
| 008 |
950919s1956 xx ||||| m 00| ||ger c |
| 035 |
|
|
|a (DE-627)111785342X
|
| 035 |
|
|
|a (DE-576)047853425
|
| 035 |
|
|
|a (DE-599)BSZ047853425
|
| 035 |
|
|
|a (OCoLC)07190385
|
| 035 |
|
|
|a (DE-604)802816167x
|
| 040 |
|
|
|a DE-627
|b ger
|c DE-627
|e rakwb
|
| 041 |
|
|
|a ger
|
| 082 |
0 |
|
|a 189.5
|
| 084 |
|
|
|a 1
|2 ssgn
|
| 084 |
|
|
|a GF 7001
|2 rvk
|0 (DE-625)rvk/39890:11810
|
| 084 |
|
|
|a BM 5500
|2 rvk
|0 (DE-625)rvk/12696:11596
|
| 084 |
|
|
|a GF 6999
|2 rvk
|0 (DE-625)rvk/39890:11808
|
| 100 |
1 |
|
|0 (DE-588)1153516047
|0 (DE-627)1014954479
|0 (DE-576)500284830
|4 aut
|a Schaefer, Eduard
|d 1929-2014
|
| 109 |
|
|
|a Schaefer, Eduard 1929-2014
|
| 245 |
1 |
0 |
|a Meister Eckeharts Traktat 'Von Abegescheidenheit'
|b Untersuchung und Textneuausgabe
|c Eduard Schaefer
|
| 264 |
|
1 |
|a Bonn
|b Röhrscheid
|c 1956
|
| 300 |
|
|
|a 236 S.
|
| 336 |
|
|
|a Text
|b txt
|2 rdacontent
|
| 337 |
|
|
|a ohne Hilfsmittel zu benutzen
|b n
|2 rdamedia
|
| 338 |
|
|
|a Band
|b nc
|2 rdacarrier
|
| 502 |
|
|
|a Zugl.: Saarbrücken, Univ., Diss., 1955
|
| 583 |
1 |
|
|a Archivierung/Langzeitarchivierung gewährleistet
|f SSG
|x XA-DE-BW
|2 pdager
|5 DE-21
|
| 601 |
|
|
|a Traktat
|
| 601 |
|
|
|a Untersuchung
|
| 655 |
|
7 |
|a Hochschulschrift
|0 (DE-588)4113937-9
|0 (DE-627)105825778
|0 (DE-576)209480580
|2 gnd-content
|
| 689 |
0 |
0 |
|d u
|0 (DE-588)4576684-8
|0 (DE-627)271374500
|0 (DE-576)213886243
|a Eckhart
|2 gnd
|c Meister
|d 1260-1328
|t Von Abegescheidenheit
|
| 689 |
0 |
1 |
|d s
|0 (DE-588)4059657-6
|0 (DE-627)104174838
|0 (DE-576)209131551
|2 gnd
|a Textkritik
|
| 689 |
0 |
|
|5 (DE-627)
|
| 700 |
0 |
|
|0 (DE-588)118528823
|0 (DE-627)079329683
|0 (DE-576)345150929
|4 aut
|a Eckhart
|c Meister
|d 1260-1328
|
| 751 |
|
|
|a Saarbrücken
|0 (DE-588)4076912-4
|0 (DE-627)106081616
|0 (DE-576)209203439
|4 uvp
|
| 787 |
0 |
8 |
|i Rezension
|a Weiß, Konrad, 1907 - 1979
|t Schaefer, Eduard, Meister Eckeharts Traktat 'Von Abegescheidenheit'
|d 1959
|w (DE-627)1452052700
|w (DE-576)382052706
|
| 787 |
0 |
8 |
|i Rezensiert in
|a Weiß, Konrad, 1907 - 1979
|t Schaefer, Eduard, Meister Eckeharts Traktat 'Von Abegescheidenheit'
|d 1959
|w (DE-627)1521086834
|w (DE-576)45108683X
|
| 935 |
|
|
|a mteo
|
| 936 |
r |
v |
|a GF 7001
|b Sekundärliteratur
|k Germanistik. Niederlandistik. Skandinavistik
|k Deutsche Literatur
|k Spätmittelalter
|k Literaturgeschichte und Textsammlungen
|k Einzelne Autoren und Denkmäler
|k Autoren und Denkmäler E
|k Eckhart, Meister
|k Sekundärliteratur
|0 (DE-627)1271575329
|0 (DE-625)rvk/39890:11810
|0 (DE-576)201575329
|
| 936 |
r |
v |
|a BM 5500
|b Werke
|k Theologie und Religionswissenschaften
|k Theologie des geistlichen Lebens
|k Quellen zur Theologie des geistlichen Lebens
|k Spätmittelalter (14.-15. Jahrhundert)
|k Einzelne Autoren
|k Autoren E
|k Eckhart, Meister OP (+ vor 1328)
|k Werke
|0 (DE-627)1270672118
|0 (DE-625)rvk/12696:11596
|0 (DE-576)200672118
|
| 936 |
r |
v |
|a GF 6999
|b Einzelausgaben
|k Germanistik. Niederlandistik. Skandinavistik
|k Deutsche Literatur
|k Spätmittelalter
|k Literaturgeschichte und Textsammlungen
|k Einzelne Autoren und Denkmäler
|k Autoren und Denkmäler E
|k Eckhart, Meister
|k Einzelausgaben
|0 (DE-627)127155965X
|0 (DE-625)rvk/39890:11808
|0 (DE-576)20155965X
|
| 951 |
|
|
|a BO
|
| ELC |
|
|
|b 1
|
| ITA |
|
|
|a 1
|t 1
|
| LOK |
|
|
|0 000 xxxxxcx a22 zn 4500
|
| LOK |
|
|
|0 001 2265575569
|
| LOK |
|
|
|0 003 DE-627
|
| LOK |
|
|
|0 004 111785342X
|
| LOK |
|
|
|0 005 20130413104016
|
| LOK |
|
|
|0 008 981021||||||||||||||||ger|||||||
|
| LOK |
|
|
|0 040
|a DE-21
|c DE-627
|d DE-21
|
| LOK |
|
|
|0 852
|a DE-21
|
| LOK |
|
|
|0 852 1
|c Gb 1372
|9 00
|
| LOK |
|
|
|0 935
|a dika
|a theo
|
| LOK |
|
|
|0 939
|a 21-10-98
|b l01
|
| LOK |
|
|
|0 000 xxxxxcx a22 zn 4500
|
| LOK |
|
|
|0 001 2554268495
|
| LOK |
|
|
|0 003 DE-627
|
| LOK |
|
|
|0 004 111785342X
|
| LOK |
|
|
|0 005 20130510105555
|
| LOK |
|
|
|0 008 071026||||||||||||||||ger|||||||
|
| LOK |
|
|
|0 040
|a DE-21
|c DE-627
|d DE-21
|
| LOK |
|
|
|0 852
|a DE-21
|
| LOK |
|
|
|0 852 1
|c US 57.481
|9 00
|
| LOK |
|
|
|0 935
|a konv
|a pro7
|a theo
|
| LOK |
|
|
|0 939
|a 26-10-07
|b l02
|
| LOK |
|
|
|0 000 xxxxxcx a22 zn 4500
|
| LOK |
|
|
|0 001 2265575585
|
| LOK |
|
|
|0 003 DE-627
|
| LOK |
|
|
|0 004 111785342X
|
| LOK |
|
|
|0 005 20100408071835
|
| LOK |
|
|
|0 008 950919||||||||||||||||ger|||||||
|
| LOK |
|
|
|0 040
|a DE-21-31
|c DE-627
|d DE-21-31
|
| LOK |
|
|
|0 541
|e 17746
|
| LOK |
|
|
|0 852
|a DE-21-31
|
| LOK |
|
|
|0 852 1
|c Ec V 110
|m p
|9 00
|
| LOK |
|
|
|0 938
|k p
|
| LOK |
|
|
|0 939
|a 19-09-95
|b l01
|
| LOK |
|
|
|0 000 xxxxxcx a22 zn 4500
|
| LOK |
|
|
|0 001 2265575593
|
| LOK |
|
|
|0 003 DE-627
|
| LOK |
|
|
|0 004 111785342X
|
| LOK |
|
|
|0 005 20010619000000
|
| LOK |
|
|
|0 008 990806||||||||||||||||ger|||||||
|
| LOK |
|
|
|0 040
|a DE-21-108
|c DE-627
|d DE-21-108
|
| LOK |
|
|
|0 092
|o l
|
| LOK |
|
|
|0 852
|a DE-21-108
|
| LOK |
|
|
|0 852 1
|c Germ Le 20/Sch 10
|m p
|9 00
|
| LOK |
|
|
|0 938
|k p
|
| LOK |
|
|
|0 939
|a 06-08-99
|b l01
|
| ORI |
|
|
|a SA-MARC-ixtheoa001.raw
|
| REL |
|
|
|a 1
|
| STA |
0 |
0 |
|a Textual criticism,Text criticism
|
| STB |
0 |
0 |
|a Critique textuelle
|
| STC |
0 |
0 |
|a Crítica textual
|
| STD |
0 |
0 |
|a Critica testuale
|
| STE |
0 |
0 |
|a 文本批判,文本校勘
|
| STF |
0 |
0 |
|a 文本批判,文本校勘
|
| STG |
0 |
0 |
|a Crítica textual
|
| STH |
0 |
0 |
|a Текстовая критика
|
| STI |
0 |
0 |
|a Κριτική κειμένου,Κειμενική κριτική
|
| SUB |
|
|
|a REL
|
| SYG |
0 |
0 |
|a Eckhart,Meister,1260-1328,Von Abgeschiedenheit
|